[Event "30. Open Villa de Benasque"]
[Site "Benasque ESP"]
[Date "2010.07.12"]
[Round "5.4"]
[White "Cuenca Jimenez, Jose Fernando"]
[Black "Safarli, Eltaj"]
[Result "0-1"]
[WhiteElo "2464"]
[BlackElo "2603"]
[PlyCount "56"]
[EventDate "2010.07.08"]
[EventType "tourn"]
[EventRounds "10"]
[EventCountry "ESP"]
[Source "lmi"]
[SourceDate "2010.07.08"]

1. e4 c5 2. Nf3 e6 3. g3 d5 4. exd5 exd5 5. Bg2 Qe7+ 6. Kf1 Nf6 7. d4 Qd8 8.
Nc3 h6 9. h3 Nc6 10. Be3 c4 11. b3 Bb4 12. Ne2 O-O 13. c3 Bd6 14. bxc4 dxc4 15.
Nd2 Be6 16. Qa4 a6 17. Bxc6 bxc6 18. Nxc4 Bc7 19. Kg1 Re8 20. Nf4 Bxf4 21. Bxf4
Bd5 22. Rh2 Ne4 23. Ne5 f6 24. Nd3 Nxc3 25. Qb4 Ne2+ 26. Kf1 Nxd4 27. Rd1 Nf3
28. Rg2 Ne1 0-1

[Event "30. Open Villa de Benasque"]
[Site "Benasque ESP"]
[Date "2010.07.12"]
[Round "5.5"]
[White "Garza Marco, Sergio"]
[Black "Fier, Alexandr"]
[Result "0-1"]
[WhiteElo "2453"]
[BlackElo "2570"]
[PlyCount "92"]
[EventDate "2010.07.08"]
[EventType "tourn"]
[EventRounds "10"]
[EventCountry "ESP"]
[Source "lmi"]
[SourceDate "2010.07.08"]

1. e4 c5 2. c3 Nf6 3. e5 Nd5 4. d4 cxd4 5. cxd4 d6 6. Nf3 g6 7. Bc4 Nb6 8. Bb3
Bg7 9. O-O O-O 10. Bf4 Bg4 11. Nbd2 Nc6 12. h3 dxe5 13. dxe5 Bf5 14. Re1 Nb4
15. Bg5 h6 16. g4 Bc8 17. Bh4 Nd3 18. Re4 Nc5 19. Rd4 Qe8 20. Bc2 Ne6 21. Re4
Bd7 22. Re1 Rd8 23. Bg3 Bc6 24. Qe2 Nd5 25. Kh2 Nb4 26. Be4 Nc5 27. Bxc6 Qxc6
28. Rec1 Nbd3 29. Rc2 Qa6 30. Qe3 b6 31. a3 Rd5 32. b4 Ne6 33. Qe4 Rfd8 34. Nf1
Qa4 35. Ne3 R5d7 36. Rc3 Nec5 37. Qc4 b5 38. Qa2 Ne4 39. Rc6 e6 40. Bh4 g5 41.
Bg3 Nxg3 42. Kxg3 Nxe5 43. Nxe5 Bxe5+ 44. Kg2 Rd2 45. Qb1 Bxa1 46. Qxa1 Qb3 0-1

[Event "30. Open Villa de Benasque"]
[Site "Benasque ESP"]
[Date "2010.07.13"]
[Round "6.2"]
[White "Fier, Alexandr"]
[Black "Melkumyan, Hrant"]
[Result "1-0"]
[WhiteElo "2570"]
[BlackElo "2606"]
[PlyCount "73"]
[EventDate "2010.07.08"]
[EventType "tourn"]
[EventRounds "10"]
[EventCountry "ESP"]
[Source "lmi"]
[SourceDate "2010.07.08"]

1. d4 Nf6 2. c4 e6 3. Nf3 b6 4. g3 Ba6 5. b3 Bb4+ 6. Bd2 Be7 7. Bg2 c6 8. Bc3
d5 9. Ne5 Nfd7 10. Nxd7 Nxd7 11. Nd2 O-O 12. O-O Rc8 13. e4 c5 14. exd5 exd5
15. dxc5 dxc4 16. cxb6 Nxb6 17. Re1 cxb3 18. Qxb3 Re8 19. Rad1 Bf8 20. Nf1 Qc7
21. Rxe8 Rxe8 22. Ne3 Bb7 23. Bxb7 Qxb7 24. Qb5 Rc8 25. Bd4 Rd8 26. Qg5 f6 27.
Qg4 Qf7 28. h4 Qxa2 29. h5 Qf7 30. Rb1 Nd5 31. Nf5 Kh8 32. Ra1 Rd7 33. Ra6 Nb4
34. Nh6 Qe7 35. Bxf6 Qe1+ 36. Kg2 Nxa6 37. Qc4 1-0

[Event "30. Open Villa de Benasque"]
[Site "Benasque ESP"]
[Date "2010.07.13"]
[Round "6.3"]
[White "Komljenovic, Davorin"]
[Black "Maletin, Pavel"]
[Result "0-1"]
[WhiteElo "2445"]
[BlackElo "2617"]
[PlyCount "108"]
[EventDate "2010.07.08"]
[EventType "tourn"]
[EventRounds "10"]
[EventCountry "ESP"]
[Source "lmi"]
[SourceDate "2010.07.08"]

1. d4 Nf6 2. c4 e6 3. Nc3 Bb4 4. Nf3 b6 5. Qb3 c5 6. g3 Nc6 7. a3 Ba5 8. dxc5
bxc5 9. Bg2 Rb8 10. Qc2 Nd4 11. Nxd4 cxd4 12. b4 dxc3 13. bxa5 Qxa5 14. O-O O-O
15. Bf4 Rb2 16. Qd3 d5 17. Be5 dxc4 18. Qxc3 Qxc3 19. Bxc3 Rxe2 20. Rfc1 Nd5
21. Bf3 Nxc3 22. Rxc3 Rb2 23. Rxc4 Bb7 24. Bxb7 Rxb7 25. Rac1 g6 26. Rc7 Rfb8
27. a4 Kg7 28. Kg2 g5 29. R1c2 Kg6 30. a5 g4 31. a6 Rb1 32. h3 h5 33. hxg4 hxg4
34. Rxa7 Rh8 35. Rc4 f5 36. Rc6 Kf6 37. f4 gxf3+ 38. Kxf3 Rb3+ 39. Kg2 Rg8 40.
Rb7 Rgxg3+ 41. Kf2 Rxb7 42. axb7 Rb3 43. Rc7 f4 44. Ke2 e5 45. Kd2 Kf5 46. Kc2
Rb6 47. Kd3 e4+ 48. Kd4 e3 49. Re7 Kg4 50. Kc5 Rb1 51. Kc6 Kf3 52. Kc7 Kf2 53.
b8=Q Rxb8 54. Kxb8 e2 0-1

[Event "30. Open Villa de Benasque"]
[Site "Benasque ESP"]
[Date "2010.07.13"]
[Round "6.4"]
[White "Vila Gazquez, Xavier"]
[Black "Corrales Jimenez, Fidel"]
[Result "0-1"]
[WhiteElo "2478"]
[BlackElo "2574"]
[PlyCount "120"]
[EventDate "2010.07.08"]
[EventType "tourn"]
[EventRounds "10"]
[EventCountry "ESP"]
[Source "lmi"]
[SourceDate "2010.07.08"]

1. d4 Nf6 2. Nf3 e6 3. c4 b6 4. g3 Ba6 5. b3 Bb4+ 6. Bd2 Be7 7. Nc3 d5 8. Bg2
c6 9. O-O Nbd7 10. cxd5 cxd5 11. a4 O-O 12. Bf4 Nh5 13. Bd2 f5 14. Nb5 Bxb5 15.
axb5 Bd6 16. Ra4 Ndf6 17. Ne5 Qe8 18. Bb4 Bxb4 19. Rxb4 Nd7 20. Nc6 a5 21. bxa6
Rxa6 22. Qd3 Ra8 23. Ra4 Nhf6 24. Rxa8 Qxa8 25. Qb5 Qb7 26. Rc1 Kh8 27. Nb4 Rc8
28. Rxc8+ Qxc8 29. Qc6 Qxc6 30. Nxc6 Ne8 31. f3 Ndf6 32. Kf2 Kg8 33. Ke3 Kf7
34. Kf4 h6 35. Ke3 g5 36. Kd3 Nd6 37. Ne5+ Ke7 38. e3 h5 39. Ng6+ Kf7 40. Ne5+
Kg7 41. h4 g4 42. f4 Kf8 43. Kc3 Nfe4+ 44. Bxe4 Nxe4+ 45. Kb4 Nxg3 46. Kb5 Nf1
47. Kxb6 Nd2 48. Nd3 Nxb3 49. Ne1 Ke7 50. Kc7 Nd2 51. Ng2 Nc4 52. Kc8 g3 53.
Kc7 e5 54. fxe5 Nxe5 55. Nf4 Nd3 56. Ng2 Ke6 57. Kc6 f4 58. exf4 Kf5 59. Ne3+
Kxf4 60. Nxd5+ Kf3 0-1

[Event "30. Open Villa de Benasque"]
[Site "Benasque ESP"]
[Date "2010.07.13"]
[Round "6.5"]
[White "Leon Hoyos, Manuel"]
[Black "Paci, Cedric"]
[Result "1-0"]
[WhiteElo "2556"]
[BlackElo "2361"]
[PlyCount "73"]
[EventDate "2010.07.08"]
[EventType "tourn"]
[EventRounds "10"]
[EventCountry "ESP"]
[Source "lmi"]
[SourceDate "2010.07.08"]

1. g3 c5 2. c4 g6 3. Nc3 Bg7 4. Bg2 Nf6 5. Nf3 O-O 6. O-O Nc6 7. d4 cxd4 8.
Nxd4 Qa5 9. Nc2 d6 10. Nd5 Nxd5 11. cxd5 Ne5 12. Bd2 Qb6 13. Bc3 Bd7 14. Bd4
Qa6 15. h3 Rfc8 16. b3 Be8 17. Ne3 Rc7 18. Qd2 Rac8 19. a4 Nd7 20. Bxg7 Kxg7
21. Rfb1 b5 22. a5 f6 23. Ra2 Rc5 24. Nc2 b4 25. Nxb4 Qb7 26. Nd3 Rb5 27. b4
Nc5 28. Rab2 Nxd3 29. Qxd3 Kg8 30. e4 Bf7 31. Bf1 a6 32. Qe3 f5 33. Bxb5 axb5
34. f3 fxe4 35. fxe4 Rc4 36. Rf2 Qd7 37. Rbf1 1-0

[Event "30. Open Villa de Benasque"]
[Site "Benasque ESP"]
[Date "2010.07.14"]
[Round "7.1"]
[White "Maletin, Pavel"]
[Black "Fier, Alexandr"]
[Result "1/2-1/2"]
[WhiteElo "2617"]
[BlackElo "2570"]
[PlyCount "88"]
[EventDate "2010.07.08"]
[EventType "tourn"]
[EventRounds "10"]
[EventCountry "ESP"]
[Source "lmi"]
[SourceDate "2010.07.08"]

1. Nf3 Nf6 2. g3 e6 3. Bg2 d5 4. O-O Be7 5. d4 O-O 6. c4 c6 7. b3 b6 8. Bb2
Nbd7 9. Nbd2 Bb7 10. Rc1 Rc8 11. e3 c5 12. cxd5 Bxd5 13. Qe2 cxd4 14. e4 Bb7
15. Nxd4 Rxc1 16. Rxc1 Qa8 17. f3 Rc8 18. Rxc8+ Qxc8 19. Qc4 Nc5 20. Nf1 Ba6
21. Qc3 Nd3 22. Qxc8+ Bxc8 23. Nc6 Bc5+ 24. Bd4 Bxd4+ 25. Nxd4 Bd7 26. Nd2 e5
27. Nc2 Be6 28. Bf1 Nc1 29. Nb4 a5 30. Nd3 Nxa2 31. Nxe5 Nc1 32. Ndc4 Nxb3 33.
Nxb6 Nc5 34. Nd3 Nfd7 35. Nxc5 Nxc5 36. Nc4 Bxc4 37. Bxc4 g5 38. Kf2 g4 39.
fxg4 Nxe4+ 40. Ke3 Nf6 41. g5 Nd7 42. Kd4 Nf8 43. Kc5 Kg7 44. Kb5 f6 1/2-1/2

[Event "30. Open Villa de Benasque"]
[Site "Benasque ESP"]
[Date "2010.07.14"]
[Round "7.3"]
[White "Safarli, Eltaj"]
[Black "Leon Hoyos, Manuel"]
[Result "1-0"]
[WhiteElo "2603"]
[BlackElo "2556"]
[PlyCount "106"]
[EventDate "2010.07.08"]
[EventType "tourn"]
[EventRounds "10"]
[EventCountry "ESP"]
[Source "lmi"]
[SourceDate "2010.07.08"]

1. e4 c5 2. Nf3 Nc6 3. Bb5 g6 4. Bxc6 bxc6 5. O-O Bg7 6. Re1 d6 7. h3 Nh6 8. c3
O-O 9. d4 Qb6 10. b3 f6 11. Be3 cxd4 12. cxd4 Nf7 13. Nc3 f5 14. e5 Qa5 15. Rc1
Be6 16. Ng5 Nxg5 17. Bxg5 dxe5 18. dxe5 Rfd8 19. Qf3 Kf7 20. Qf4 c5 21. Ne2 Rd5
22. Qf3 Bxe5 23. Nc3 Bxc3 24. Rxc3 Rad8 25. Rxe6 Kxe6 26. Re3+ Re5 27. Rxe5+
Kxe5 28. Qe3+ Kd5 29. Qxe7 Rd6 30. Bf4 Qd8 31. Bxd6 Qxd6 32. Qxa7 h5 33. h4 Qe6
34. Qb7+ Kd4 35. Qf3 Qe1+ 36. Kh2 Qe5+ 37. g3 Qe1 38. Kg2 Qd2 39. a4 Qa5 40.
Qe3+ Kd5 41. Qd3+ Ke5 42. Qc4 Qa8+ 43. Kh2 Qa5 44. Kg1 Qe1+ 45. Kg2 Qa5 46. Kf1
Kd6 47. Qf7 Qa6+ 48. Ke1 Ke5 49. Qe8+ Kd4 50. Qb5 Qa8 51. Qc4+ Ke5 52. Qxc5+
Kf6 53. Kd2 Ke6 1-0

[Event "30. Open Villa de Benasque"]
[Site "Benasque ESP"]
[Date "2010.07.14"]
[Round "7.4"]
[White "Cruz, Cristhian"]
[Black "Burmakin, Vladimir"]
[Result "0-1"]
[WhiteElo "2536"]
[BlackElo "2605"]
[PlyCount "124"]
[EventDate "2010.07.08"]
[EventType "tourn"]
[EventRounds "10"]
[EventCountry "ESP"]
[Source "lmi"]
[SourceDate "2010.07.08"]

1. d4 c6 2. c4 Nf6 3. Nc3 d5 4. Nf3 a6 5. e3 b5 6. b3 Bg4 7. h3 Bxf3 8. Qxf3 e6
9. Bd2 Be7 10. Bd3 O-O 11. O-O Nbd7 12. Rfd1 Nb6 13. Qe2 b4 14. Na4 dxc4 15.
Bxc4 Nxa4 16. bxa4 a5 17. Rac1 Qb6 18. Rc2 c5 19. dxc5 Bxc5 20. Rdc1 Rfc8 21.
Bb3 Ne4 22. Be1 Nd6 23. Qh5 Nb7 24. Rc4 Rc7 25. Rh4 h6 26. Rcc4 Nd6 27. Rcf4
Nf5 28. Rhg4 Kh7 29. Rxf5 exf5 30. Qxf5+ g6 31. Qf3 Rf8 32. Bd2 Bd6 33. Rh4 Be7
34. Rf4 Bg5 35. Rd4 Kg7 36. g3 Rd8 37. Rxd8 Bxd8 38. e4 Rd7 39. Be3 Qf6 40. Qg4
Rd3 41. Qe2 Qc3 42. Qf3 Rd7 43. Kg2 Qf6 44. Qg4 Rd3 45. Qe2 Qc3 46. Qf3 Rd7 47.
Qf4 Bg5 48. Qg4 Re7 49. Bb6 Qe5 50. h4 Bd2 51. Bd5 Bc3 52. Bc5 f5 53. Qe2 Re8
54. Qb5 fxe4 55. Qd7+ Kh8 56. Bd6 Qxd5 57. Qxe8+ Kh7 58. Qe7+ Bg7 59. Kh2 Qxa2
60. Kg1 Qa1+ 61. Kg2 Qf6 62. Kg1 Kh8 0-1

[Event "30. Open Villa de Benasque"]
[Site "Benasque ESP"]
[Date "2010.07.14"]
[Round "7.5"]
[White "Cuenca Jimenez, Jose Fernando"]
[Black "Zakhartsov, Viacheslav V."]
[Result "1/2-1/2"]
[WhiteElo "2464"]
[BlackElo "2608"]
[PlyCount "76"]
[EventDate "2010.07.08"]
[EventType "tourn"]
[EventRounds "10"]
[EventCountry "ESP"]
[Source "lmi"]
[SourceDate "2010.07.08"]

1. e4 c5 2. Nf3 Nc6 3. Nc3 e6 4. d4 cxd4 5. Nxd4 Qc7 6. Be3 a6 7. Bd3 Nf6 8.
O-O Ne5 9. h3 Bc5 10. Qe2 d6 11. a4 b6 12. Nb3 Bxe3 13. Qxe3 O-O 14. Rae1 Bb7
15. f4 Ng6 16. Nd2 Nd7 17. Nc4 Rad8 18. Qf2 d5 19. exd5 exd5 20. Nd2 Nf6 21.
Nb3 Rfe8 22. Rxe8+ Rxe8 23. Qd4 Rd8 24. a5 bxa5 25. Nc5 Bc6 26. Nxa6 Qb7 27. f5
Nf8 28. b4 axb4 29. Nxb4 Rb8 30. Rb1 Qd7 31. Ra1 Ra8 32. Rxa8 Bxa8 33. Ne2 Qd6
34. Nc3 N8d7 35. Nb5 Qg3 36. Qf2 Qe5 37. c3 Qb8 38. Qa7 Qxa7+ 1/2-1/2

[Event "30. Open Villa de Benasque"]
[Site "Benasque ESP"]
[Date "2010.07.15"]
[Round "8.2"]
[White "Safarli, Eltaj"]
[Black "Melkumyan, Hrant"]
[Result "1/2-1/2"]
[WhiteElo "2603"]
[BlackElo "2606"]
[PlyCount "138"]
[EventDate "2010.07.08"]
[EventType "tourn"]
[EventRounds "10"]
[EventCountry "ESP"]
[Source "lmi"]
[SourceDate "2010.07.08"]

1. e4 e5 2. Nf3 Nc6 3. Bb5 a6 4. Ba4 Nf6 5. O-O Be7 6. Re1 b5 7. Bb3 O-O 8. a4
b4 9. d4 d6 10. dxe5 dxe5 11. Qxd8 Rxd8 12. Bg5 Kf8 13. Bxf6 Bxf6 14. Bd5 Bd7
15. Nbd2 Rab8 16. Nb3 Ne7 17. Bc4 Bc8 18. Nc5 Rd6 19. Red1 Rbb6 20. Nd3 Nc6 21.
a5 Rb8 22. Nc5 Ra8 23. Rd5 Ke7 24. Nd3 Be6 25. Rc5 Bxc4 26. Rxc4 Rb8 27. b3 Rb5
28. Rc5 Rxc5 29. Nxc5 Nxa5 30. g4 Nc6 31. Rxa6 Nd4 32. Nxd4 Rxd4 33. Rc6 Kd8
34. Kg2 Be7 35. Kf3 Rd1 36. Nd3 Bd6 37. Rc4 Rd2 38. Ke3 Rd1 39. Kf3 Rd2 40. Kg2
g6 41. Nb2 Ke7 42. Kf1 Ke6 43. Ke1 Rd4 44. Ke2 f5 45. f3 fxg4 46. fxg4 Rxc4 47.
Nxc4 Bc5 48. Nd2 h5 49. h3 hxg4 50. hxg4 Kf6 51. Nf3 Bd6 52. Kd3 c6 53. Kc4 Be7
54. Kd3 Bd6 55. Ke2 Be7 56. Kd3 Bd6 57. c3 bxc3 58. Kxc3 Bc5 59. Kc4 Be7 60. b4
Ke6 61. b5 cxb5+ 62. Kxb5 Kd6 63. Nd2 Bg5 64. Nf3 Bf6 65. Kc4 Be7 66. Kb5 Bf6
67. g5 Bd8 68. Nh4 Bxg5 69. Nxg6 Bd8 1/2-1/2

[Event "30. Open Villa de Benasque"]
[Site "Benasque ESP"]
[Date "2010.07.15"]
[Round "8.3"]
[White "Recuero Guerra, David"]
[Black "Maletin, Pavel"]
[Result "1/2-1/2"]
[WhiteElo "2470"]
[BlackElo "2617"]
[PlyCount "42"]
[EventDate "2010.07.08"]
[EventType "tourn"]
[EventRounds "10"]
[EventCountry "ESP"]
[Source "lmi"]
[SourceDate "2010.07.08"]

1. e4 c6 2. d4 d5 3. e5 Bf5 4. Nd2 e6 5. Nb3 Nd7 6. Nf3 Ne7 7. Be2 Bg6 8. O-O
Nf5 9. Bg5 Be7 10. Bxe7 Nxe7 11. c3 Rc8 12. Qd2 O-O 13. Nh4 c5 14. Nxc5 Nxc5
15. dxc5 Rxc5 16. Nxg6 hxg6 17. f4 Qb6 18. Kh1 Rcc8 19. Rf3 Rfd8 20. Bd3 d4 21.
c4 Nf5 1/2-1/2

[Event "30. Open Villa de Benasque"]
[Site "Benasque ESP"]
[Date "2010.07.15"]
[Round "8.4"]
[White "Burmakin, Vladimir"]
[Black "Llaneza Vega, Marcos"]
[Result "1-0"]
[WhiteElo "2605"]
[BlackElo "2470"]
[PlyCount "83"]
[EventDate "2010.07.08"]
[EventType "tourn"]
[EventRounds "10"]
[EventCountry "ESP"]
[Source "lmi"]
[SourceDate "2010.07.08"]

1. d4 Nf6 2. Nf3 e6 3. g3 b6 4. Bg2 Bb7 5. c4 Bb4+ 6. Bd2 c5 7. Bxb4 cxb4 8.
O-O O-O 9. Qb3 Qe7 10. Rd1 Nc6 11. Nbd2 d5 12. cxd5 Nxd5 13. Rdc1 Rac8 14. e3
Rc7 15. e4 Nf6 16. e5 Nd5 17. Ne4 Ba6 18. Qa4 Na5 19. Nd6 Qd7 20. Qxd7 Rxd7 21.
Nd2 f5 22. Bxd5 exd5 23. a3 b3 24. Rc3 Bc4 25. N2xc4 dxc4 26. Nxc4 Nb7 27. Rd1
Rfd8 28. Rxb3 Rxd4 29. Rxd4 Rxd4 30. Rc3 Nc5 31. Nd6 g6 32. b4 Ne6 33. Rc8+ Kg7
34. Re8 Ng5 35. Kg2 f4 36. gxf4 Rxf4 37. Re7+ Kh6 38. Rxa7 Rg4+ 39. Kf1 Nf3 40.
Nf7+ Kh5 41. Ke2 Rf4 42. Ke3 1-0

[Event "30. Open Villa de Benasque"]
[Site "Benasque ESP"]
[Date "2010.07.15"]
[Round "8.5"]
[White "Vocaturo, Daniele"]
[Black "Dvirnyy, Daniyyl"]
[Result "1/2-1/2"]
[WhiteElo "2526"]
[BlackElo "2457"]
[PlyCount "83"]
[EventDate "2010.07.08"]
[EventType "tourn"]
[EventRounds "10"]
[EventCountry "ESP"]
[Source "lmi"]
[SourceDate "2010.07.08"]

1. e4 c5 2. Nf3 d6 3. d4 cxd4 4. Nxd4 Nf6 5. Nc3 g6 6. Be3 Bg7 7. Be2 O-O 8.
Qd2 Nc6 9. O-O-O Ng4 10. Bxg4 Bxg4 11. f3 Be6 12. Nxe6 fxe6 13. Bh6 Qa5 14.
Bxg7 Kxg7 15. h4 h6 16. Kb1 Rac8 17. f4 e5 18. g3 Nd4 19. h5 Rxc3 20. fxe5 Rc5
21. Qxd4 Rxe5 22. hxg6 Qc5 23. Qd2 Rg5 24. e5 Rf2 25. Qc1 Qxe5 26. Rde1 Qf6 27.
Qe3 Kxg6 28. Qe4+ Qf5 29. Qxb7 Qxc2+ 30. Ka1 Re2 31. Rc1 Qe4 32. Qb8 Kg7 33.
Rhf1 Rf5 34. Rxf5 Qxf5 35. Qxa7 Qe5 36. Rb1 Rxb2 37. Rxb2 Qe1+ 38. Rb1 Qc3+ 39.
Rb2 Qc1+ 40. Rb1 Qc3+ 41. Rb2 Qc1+ 42. Rb1 1/2-1/2

[Event "30. Open Villa de Benasque"]
[Site "Benasque ESP"]
[Date "2010.07.16"]
[Round "9.1"]
[White "Kohlweyer, Bernd"]
[Black "Georgiev, Kiril"]
[Result "1/2-1/2"]
[WhiteElo "2436"]
[BlackElo "2675"]
[PlyCount "89"]
[EventDate "2010.07.08"]
[EventType "tourn"]
[EventRounds "10"]
[EventCountry "ESP"]
[Source "lmi"]
[SourceDate "2010.07.08"]

1. Nf3 Nf6 2. c4 e6 3. Nc3 d5 4. d4 dxc4 5. e4 Bb4 6. Bg5 h6 7. Bxf6 Qxf6 8. e5
Qe7 9. Bxc4 c5 10. O-O cxd4 11. Ne4 Nc6 12. Qe2 O-O 13. Rad1 Bd7 14. a3 Ba5 15.
b4 Bc7 16. Nc5 Bc8 17. Bb5 Bb6 18. Bxc6 bxc6 19. Qc4 Bxc5 20. bxc5 a5 21. Qxd4
Ba6 22. Rfe1 Rfd8 23. Qc3 Rxd1 24. Rxd1 Be2 25. Rd6 Bxf3 26. Qxf3 Qg5 27. g3
Qxe5 28. Rxc6 Rd8 29. Rd6 Rc8 30. Rd7 f5 31. c6 Qc5 32. h4 Qxc6 33. Qxc6 Rxc6
34. Ra7 Rc5 35. Kg2 g6 36. f4 Kf8 37. a4 h5 38. Kf3 e5 39. fxe5 Rxe5 40. Kf2
Rc5 41. Kf3 Rc3+ 42. Kg2 Rc5 43. Kf3 Re5 44. Kf2 Kg8 45. Kf3 1/2-1/2

[Event "30. Open Villa de Benasque"]
[Site "Benasque ESP"]
[Date "2010.07.16"]
[Round "9.3"]
[White "Maletin, Pavel"]
[Black "Vocaturo, Daniele"]
[Result "0-1"]
[WhiteElo "2617"]
[BlackElo "2526"]
[PlyCount "76"]
[EventDate "2010.07.08"]
[EventType "tourn"]
[EventRounds "10"]
[EventCountry "ESP"]
[Source "lmi"]
[SourceDate "2010.07.08"]

1. Nf3 Nf6 2. c4 c5 3. g3 b6 4. Bg2 Bb7 5. O-O e6 6. Nc3 d6 7. Re1 Nbd7 8. e4
a6 9. d4 cxd4 10. Nxd4 Qc7 11. Be3 Be7 12. f4 O-O 13. Rc1 Rac8 14. g4 Nc5 15.
Bf2 g6 16. f5 gxf5 17. gxf5 e5 18. Nc2 Kh8 19. Nb4 Rg8 20. Nbd5 Qd8 21. Nxf6
Bxf6 22. b4 Nd7 23. Qxd6 Be7 24. Qd3 Bxb4 25. Bg3 Qe8 26. Red1 Nf6 27. Nd5 Bc5+
28. Kh1 Nh5 29. Rc2 Nxg3+ 30. hxg3 Rg5 31. Qf3 Qf8 32. Bh3 f6 33. g4 Qg7 34.
Rcd2 Rg8 35. Nc3 Bd4 36. Ne2 Qh6 37. Nxd4 Rxg4 38. Rh2 Rh4 0-1

[Event "30. Open Villa de Benasque"]
[Site "Benasque ESP"]
[Date "2010.07.16"]
[Round "9.4"]
[White "Mekhitarian, Krikor Sevag"]
[Black "Zakhartsov, Viacheslav V."]
[Result "1/2-1/2"]
[WhiteElo "2511"]
[BlackElo "2608"]
[PlyCount "39"]
[EventDate "2010.07.08"]
[EventType "tourn"]
[EventRounds "10"]
[EventCountry "ESP"]
[Source "lmi"]
[SourceDate "2010.07.08"]

1. e4 c5 2. Nf3 e6 3. d4 cxd4 4. Nxd4 Nc6 5. Nc3 Qc7 6. f4 a6 7. Nxc6 Qxc6 8.
Bd3 b5 9. Qe2 Bb7 10. Bd2 Be7 11. a3 Rc8 12. O-O Nf6 13. e5 Nd5 14. Ne4 O-O 15.
Rae1 f5 16. exf6 Nxf6 17. Ng5 g6 18. Kh1 Qb6 19. Bc3 b4 20. axb4 1/2-1/2

[Event "30. Open Villa de Benasque"]
[Site "Benasque ESP"]
[Date "2010.07.16"]
[Round "9.5"]
[White "Melkumyan, Hrant"]
[Black "Lalic, Bogdan"]
[Result "1-0"]
[WhiteElo "2606"]
[BlackElo "2491"]
[PlyCount "99"]
[EventDate "2010.07.08"]
[EventType "tourn"]
[EventRounds "10"]
[EventCountry "ESP"]
[Source "lmi"]
[SourceDate "2010.07.08"]

1. d4 Nf6 2. c4 e6 3. Nf3 d5 4. Nc3 dxc4 5. e4 Bb4 6. Bg5 h6 7. Bxf6 Qxf6 8.
Bxc4 c5 9. O-O cxd4 10. e5 Qd8 11. Ne4 O-O 12. Qe2 Nc6 13. Rad1 Qc7 14. Ng3 Bd7
15. Qe4 Be7 16. Bd3 g6 17. a3 Rfd8 18. h4 Bf8 19. h5 Ne7 20. Qg4 Bc6 21. hxg6
Nxg6 22. Bxg6 fxg6 23. Qxg6+ Kh8 24. Nxd4 Qg7 25. Qxg7+ Bxg7 26. Nxc6 bxc6 27.
f4 Kg8 28. Ne4 Rab8 29. Rxd8+ Rxd8 30. Kf2 Rf8 31. Ke2 Rb8 32. b4 a5 33. bxa5
Rb2+ 34. Kf3 Rb3+ 35. Kg4 Rxa3 36. Nc5 Kf7 37. Rb1 Kg6 38. Nxe6 h5+ 39. Kh4 Bh6
40. g4 hxg4 41. Kxg4 Rxa5 42. f5+ Kf7 43. Rb7+ Kg8 44. Kh5 Rxe5 45. Kg6 Rb5 46.
Rxb5 cxb5 47. Kxh6 Kf7 48. Kg5 b4 49. Nd4 Kg7 50. f6+ 1-0

[Event "30. Open Villa de Benasque"]
[Site "Benasque ESP"]
[Date "2010.07.17"]
[Round "10.2"]
[White "Fier, Alexandr"]
[Black "Burmakin, Vladimir"]
[Result "1/2-1/2"]
[WhiteElo "2570"]
[BlackElo "2605"]
[PlyCount "48"]
[EventDate "2010.07.08"]
[EventType "tourn"]
[EventRounds "10"]
[EventCountry "ESP"]
[Source "lmi"]
[SourceDate "2010.07.08"]

1. d4 d5 2. c4 c6 3. Nf3 Nf6 4. Nc3 a6 5. a4 g6 6. h3 Bg7 7. Bf4 O-O 8. e3 Qa5
9. Nd2 Ne4 10. Ndxe4 dxe4 11. Be2 e5 12. dxe5 Bxe5 13. Bxe5 Qxe5 14. Qd2 a5 15.
O-O-O Nd7 16. Qd4 Re8 17. Qxe5 Rxe5 18. Rd4 Nc5 19. Rd8+ Kg7 20. Rhd1 Re7 21.
g4 Ne6 22. R8d6 Nc5 23. Rd8 Ne6 24. R8d6 Nc5 1/2-1/2

[Event "30. Open Villa de Benasque"]
[Site "Benasque ESP"]
[Date "2010.07.17"]
[Round "10.3"]
[White "Safarli, Eltaj"]
[Black "Kohlweyer, Bernd"]
[Result "1-0"]
[WhiteElo "2603"]
[BlackElo "2436"]
[PlyCount "53"]
[EventDate "2010.07.08"]
[EventType "tourn"]
[EventRounds "10"]
[EventCountry "ESP"]
[Source "lmi"]
[SourceDate "2010.07.08"]

1. e4 c5 2. Nf3 d6 3. d4 cxd4 4. Nxd4 Nf6 5. Nc3 a6 6. Be3 e6 7. g4 h6 8. Bg2
Nc6 9. h3 Ne5 10. f4 Nc4 11. Bc1 Qb6 12. b3 Na5 13. Qd3 Bd7 14. Bb2 O-O-O 15.
O-O-O Qc7 16. Kb1 Nc6 17. Nf3 Be7 18. Qe3 Be8 19. e5 dxe5 20. Rxd8+ Kxd8 21.
Nxe5 Nxe5 22. fxe5 Bc5 23. Qd3+ Nd7 24. Ne4 Kc8 25. Nd6+ Kb8 26. Nxb7 Nxe5 27.
Bxe5 1-0

[Event "30. Open Villa de Benasque"]
[Site "Benasque ESP"]
[Date "2010.07.17"]
[Round "10.4"]
[White "Vocaturo, Daniele"]
[Black "Corrales Jimenez, Fidel"]
[Result "1/2-1/2"]
[WhiteElo "2526"]
[BlackElo "2574"]
[PlyCount "206"]
[EventDate "2010.07.08"]
[EventType "tourn"]
[EventRounds "10"]
[EventCountry "ESP"]
[Source "lmi"]
[SourceDate "2010.07.08"]

1. e4 c5 2. Nf3 d6 3. d4 cxd4 4. Nxd4 Nf6 5. Nc3 a6 6. Be3 e6 7. Be2 Be7 8. f4
Qc7 9. g4 Nc6 10. g5 Nd7 11. Qd2 Na5 12. O-O-O Nc4 13. Bxc4 Qxc4 14. Nb3 b6 15.
Bd4 Rg8 16. Qf2 Qc6 17. Qh4 h6 18. Qg3 hxg5 19. fxg5 Qc7 20. Rhf1 Ne5 21. h4 b5
22. a3 g6 23. Rf2 Bd7 24. Nc5 Bc6 25. Rdf1 Rf8 26. Nd3 Nxd3+ 27. Qxd3 e5 28.
Be3 Qb7 29. Nd5 Bxd5 30. exd5 Qd7 31. h5 gxh5 32. g6 f6 33. g7 Rg8 34. Qg6+ Kd8
35. Qxh5 Qe8 36. Qg4 Qf7 37. Bh6 Qxd5 38. Rd1 Qc4 39. Qf3 Rc8 40. Qb7 Qc6 41.
Qa7 Ke8 42. Qe3 Qd7 43. Qe4 Qe6 44. Qb7 Kf7 45. Rdf1 Rb8 46. Rxf6+ Qxf6 47.
Rxf6+ Kxf6 48. Qe4 Rbd8 49. Qf3+ Ke6 50. Qg4+ Kf7 51. c4 Rde8 52. Kb1 bxc4 53.
Qxc4+ Kf6 54. Qf1+ Ke6 55. Qc4+ Kd7 56. Qc2 Rd8 57. Qc3 Rde8 58. Qc4 a5 59. Ka2
Bd8 60. Qf7+ Kc6 61. Qc4+ Kd7 62. Kb3 Bb6 63. Qf7+ Kc6 64. Kc4 e4 65. b4 axb4
66. axb4 Bg1 67. Qd5+ Kc7 68. b5 Rc8 69. Qxe4 Kb6+ 70. Kd3 Kxb5 71. Qb7+ Bb6
72. Be3 Rb8 73. Qd7+ Ka5 74. Bd2+ Ka6 75. Bc3 d5 76. Qa4+ Kb7 77. Qd7+ Ka6 78.
Bf6 d4 79. Qa4+ Kb7 80. Qd7+ Ka6 81. Qf7 Bc5 82. Qc4+ Kb6 83. Qe6+ Kb5 84. Qd7+
Kb6 85. Be5 Rbc8 86. Ke4 Ka5 87. Qb7 Bb6 88. Kf5 Rge8 89. Qd5+ Rc5 90. Qd6 d3
91. Kf6 Rcxe5 92. Qa3+ Kb5 93. Qxd3+ Kc6 94. Qc3+ Rc5 95. Qf3+ Rd5 96. Kf7 Red8
97. g8=Q Rxg8 98. Kxg8 Kc5 99. Kf7 Rd4 100. Ke6 Kb5 101. Qb3+ Ka6 102. Qa2+ Kb5
103. Qb3+ Ka6 1/2-1/2